Quan hệ thương mại Việt Nam - Nhật Bản 45 năm phát triển: thực trạng và giải pháp /

Kaydedildi:
Detaylı Bibliyografya
Yazar: Phùng Thị Vân Kiều.
Materyal Türü: Makale
Dil:Vietnamese
Konular:
Etiketler: Etiketle
Etiket eklenmemiş, İlk siz ekleyin!
Thư viện lưu trữ: Thư viện Trường Đại học Đà Lạt
LEADER 00860nam a2200277 4500
001 DLU210195676
005 ##20210122
040 # # |a DLU  |b vie 
041 # # |a vie 
044 # # |a vn 
100 # # |a Phùng Thị Vân Kiều. 
245 # # |a Quan hệ thương mại Việt Nam - Nhật Bản 45 năm phát triển: thực trạng và giải pháp /  |c Phùng Thị Vân Kiều, Bùi Thị Thu Hà. 
653 # # |a Nhật Bản 
653 # # |a Quan hệ thương mại 
653 # # |a Việt Nam 
773 # # |t Nghiên cứu Đông Bắc Á  |g Số 3(217), 2019, tr. 33-42 
920 # # |a Phòng Tạp chí -- Trung tâm Thông tin - Thư viện Trường Đại học Đà Lạt 
933 # # |a LS 
994 # # |a DLU 
900 # # |a True 
911 # # |a Hoàng Thị Huyền 
925 # # |a G 
926 # # |a A 
927 # # |a BB 
980 # # |a Thư viện Trường Đại học Đà Lạt